000 00485nmm a2200169Ia 4500
008 251105s9999||||xx |||||||||||||||||und||
020 _a9788425224157
041 _aspa
100 _aLocker, Pam
245 0 _aDiseño de exposiciones
264 _a[Madrid, España] :
_bEditorial Gustavo Gili,
_c2011
300 _a185 páginas
490 _aManuales de diseño interior
650 _aDesign and fashion
856 _uhttps://public.digitaliapublishing.com/a/41331
942 _cCF
999 _c80250
_d80250